Guadiana encantado (Registo nº 1815)

Detalhes MARC
000 -Etiqueta do registo
Cabeçalho 00824nam a22002651 4500
005 - Identificador da versão
Campo de controlo 20240813121917.0
021 ## - Número do Depósito Legal
Código do país PT
100 ## - Dados gerais de processamento
Dados gerais de processamento 20070511ds.d. damy0pory5003 ba
102 ## - Pais de publicação ou produção
País de publicação Portugal
101 0# - Língua de publicação
Língua do texto, banda sonora, etc. Português
106 ## - Campo de dados codificados: material textual
Dados codificados do material textual r
105 ## - Campo de dados codificados: livros
Dados codificados dos livros a t 001zy
215 ## - Descrição física 
Indicação específica da natureza do documento e extensão da espécie 89 p.
Outras indicações físicas il.
Dimensões 24 cm
200 1# - Titulo e menção de responsabilidade
Título próprio Guadiana encantado
Primeira menção de responsabilidade texto de João Romão
Outras menções de responsabilidade il. e grafismo de Nuno Saraiva
210 ## - Publicação, Distribuição, etc. 
Lugar da edição, distribuição, etc. Vila Real de Santo António
Nome do editor, distribuidor, etc. Câmara Municipal de Vila Real de Santo António
Data da publicação, distribuição, etc. s.d.
300 ## - Notas gerais 
Texto da nota Projecto financiado pelo InterReg II
606 ## - Nome comum usado como assunto
Número de registo de entrada de autoridade 0000223
Palavra de ordem Literatura portuguesa infanto-juvenil
Subdivisão de assunto Banda desenhada
675 ## - Classificação Decimal Universal (CDU)
Notação 821.134.3-9
Edição
Língua da edição por
701 #1 - Nome de autor-pessoa física (co-responsabilidade principal)
Palavra de ordem Saraiva
Outra parte do nome não tomada para palavra de ordem Nuno
Código de função Ilustrador / Técnico de desenho computorizado
700 #1 - Nome de autor-pessoa física (responsabilidade principal)
Número de registo de entrada de autoridade 0000333
Palavra de ordem Romão
Outra parte do nome não tomada para palavra de ordem João
942 ## - Elementos de entrada adicionados (Koha)
Tipo de item no Koha Livro
Exemplares
Situação do levantamento Origin of item (home branch) (coded) Biblioteca de empréstimo Código de barras Cota Circulation type (not for loan) Tipo de documento Nota do exemplar Damaged status
  Biblioteca Escolar da Coca Maravilhas Biblioteca Escolar da Coca Maravilhas BECM6064/03 8BD ROM   Livro Sem mensagem